000 00434nam a2200157Ia 4500
003 IN-BaIIA
008 211028s9999 xx 000 0 eng d
040 _cIIA Library
080 _a535.33
_bCAN
100 _aCandler, A. C.
_91815
245 0 _aAtomic spectra and the vector model
_bvol. I
_cA. C. Candler
260 _aCambridge
_bCambridge University Press
_c1937
300 _avi, 237p.
650 _aSpectroscopy
_91535
942 _cBK
999 _c848
_d848